[Event "WA Class Championship - Master Section"]
[Site "Seattle"]
[Date "2007.11.25"]
[Round "6"]
[White "Pupols, Viktors"]
[Black "Davies, Noam"]
[Result "0-1"]
[WhiteElo "2219"]
[BlackElo "2046"]
[PlyCount "145"]
[EventDate "2007.11.??"]
[Source "Drayton Harriso"]
[SourceDate "2007.12.23"]

1. d4 Nf6 2. c4 g6 3. Nc3 d5 4. Bg5 Ne4 5. Nxe4 dxe4 6. Qd2 Bg7 7. e3 c5 8. Ne2
Nc6 9. d5 Ne5 10. Nc3 f5 11. Be2 a6 12. f4 exf3 13. gxf3 h6 14. Bh4 g5 15. Bf2
Qd6 16. f4 Ng6 17. Bh5 O-O 18. Rg1 g4 19. h3 e5 20. dxe6 Qxe6 21. O-O-O Ne7 22.
hxg4 fxg4 23. Nd5 Nxd5 24. Qxd5 Kh8 25. Qxe6 Bxe6 26. b3 b5 27. Bxg4 Bg8 28.
Rd7 Rf7 29. Rxf7 Bxf7 30. Be2 bxc4 31. Bxc4 Bxc4 32. bxc4 Rb8 33. Be1 Re8 34.
Bd2 Re4 35. Kc2 Rxc4+ 36. Kb3 Re4 37. Rc1 Bf8 38. Rc4 Rxc4 39. Kxc4 h5 40. Be1
Be7 41. Kd5 h4 42. e4 h3 43. Bg3 Bh4 44. Bh2 Bf2 45. f5 Kg7 46. e5 Bd4 47. e6
Kf8 48. Bd6+ Ke8 49. Ke4 Bf6 50. Kf3 c4 51. Kg3 Bg5 52. Be5 Ke7 53. Kxh3 Bd2
54. Bc7 c3 55. Ba5 Be1 56. Bb4+ Kf6 57. Ba3 a5 58. Kg4 Bd2 59. Kf3 Bg5 60. Ke4
c2 61. Kd5 Kxf5 62. Kc4 Kxe6 63. Kb5 Bd2 64. Bb2 Kd5 65. a4 Ke4 66. Kc4 c1=Q+
67. Bxc1 Bxc1 68. Kb5 Bd2 69. Kc4 Bb4 70. Kb5 Kd3 71. Kc6 Kc4 72. Kb6 Kb3 73.
Kb5 {white lost on time here.} 0-1

[Event "WA Class Championship - Master Section"]
[Site "Seattle"]
[Date "2007.11.25"]
[Round "6"]
[White "Selzler, Ricky"]
[Black "Collyer, Curt"]
[Result "0-1"]
[WhiteElo "2132"]
[BlackElo "2258"]
[PlyCount "129"]
[EventDate "2007.11.??"]
[Source "Drayton Harriso"]
[SourceDate "2007.12.23"]

1. d4 d5 2. c4 c6 3. Nf3 Nf6 4. e3 a6 5. Bd3 Bg4 6. Nbd2 e6 7. O-O Nbd7 8. Qc2
Bd6 9. b3 O-O 10. Bb2 Qb8 11. h3 Bh5 12. Ng5 Bg6 13. Bxg6 hxg6 14. f4 c5 15.
dxc5 Bxc5 16. Rae1 Qa7 17. Rf3 Rac8 18. Qd3 Rfd8 19. Qe2 d4 20. exd4 Bxd4+ 21.
Bxd4 Qxd4+ 22. Qe3 Nc5 23. Nf1 Qxe3+ 24. Nxe3 Rd2 25. Ra1 Rcd8 26. Rf2 Nh5 27.
Rxd2 Rxd2 28. Rd1 Rxd1+ 29. Nxd1 Nxf4 30. Nc3 Nfd3 31. Nge4 Kf8 32. Nxc5 Nxc5
33. Kf2 Ke7 34. Ke3 e5 35. b4 Nd7 36. c5 Nf6 37. Kd3 Ne8 38. a4 f5 39. Kc4 Kd7
40. Kd5 e4 41. Ke5 Kc6 42. Ne2 Nf6 43. Nd4+ Kd7 44. b5 axb5 45. axb5 e3 46. Ne2
Nh5 47. g4 fxg4 48. hxg4 Nf6 49. g5 Ne8 50. Kf4 Nc7 51. c6+ bxc6 52. bxc6+ Kxc6
53. Kxe3 Ne6 54. Kf3 Kd5 55. Kg4 Ke5 56. Ng1 Ke4 57. Nf3 Nf8 58. Nh4 Ke3 59.
Nf3 Nd7 60. Ng1 Ke4 61. Nh3 Ne5+ 62. Kg3 Kf5 63. Nf4 Kxg5 64. Ne6+ Kf6 65. Nf4
0-1

[Event "WA Class Championship - Master Section"]
[Site "Seattle"]
[Date "2007.11.25"]
[Round "6"]
[White "Cheng, Bindi"]
[Black "Roper, David"]
[Result "0-1"]
[WhiteElo "2201"]
[BlackElo "2250"]
[PlyCount "66"]
[EventDate "2007.11.??"]
[Source "Drayton Harriso"]
[SourceDate "2007.12.23"]

1. e4 c5 2. Nc3 e6 3. g3 Nc6 4. Bg2 g6 5. d3 Bg7 6. Be3 d6 7. Qd2 Rb8 8. Nge2
b5 9. a3 a5 10. O-O b4 11. axb4 axb4 12. Nd1 Nd4 13. Nc1 Bd7 14. c3 bxc3 15.
bxc3 Nc6 16. Ne2 Nge7 17. Bh6 O-O 18. Bxg7 Kxg7 19. Ne3 e5 20. f4 f6 21. h4 f5
22. fxe5 dxe5 23. d4 cxd4 24. cxd4 fxe4 25. d5 Rxf1+ 26. Rxf1 Qa5 27. Qxa5 Nxa5
28. Ra1 Rb2 29. Nc3 Nb7 30. Nxe4 Bf5 31. d6 Nc8 32. Nxf5+ gxf5 33. Ra7 $4 {
This move decided the master section. At the time it appeared at the board
that MacGregor and Koons were winning vs. Lee and Perez, respectively, but
both of the other games were later drawn.} (33. d7 Nb6 34. Nc5 Nd8 35. Ra7 $14)
33... Nxa7 0-1

[Event "WA Class Championship - Expert Section"]
[Site "Seattle"]
[Date "2007.11.23"]
[Round "1"]
[White "Guo, Alex"]
[Black "Oshiro, Michael"]
[Result "0-1"]
[WhiteElo "1955"]
[BlackElo "2126"]
[Annotator "Harrison"]
[PlyCount "68"]
[EventDate "2007.11.??"]
[Source "Drayton Harriso"]
[SourceDate "2007.12.23"]

1. c4 g6 2. Nc3 Bg7 3. e4 d6 4. g3 Nc6 5. Bg2 e5 6. d3 Nh6 7. h3 O-O 8. Be3 f5
9. Qd2 Nf7 10. h4 Nd4 11. Nge2 a6 12. Rb1 Rb8 13. a4 Bd7 14. b4 c6 15. a5 Qe7
16. O-O {Diagram #} f4 17. gxf4 Qxh4 18. f5 gxf5 19. f4 Kh8 20. Bf2 Nxe2+ 21.
Nxe2 Qg4 22. Bg3 Rg8 23. Bf3 Qh3 24. Kf2 exf4 25. Bxf4 Qh4+ 26. Bg3 Qf6 27. Kg2
Bh6 28. Nf4 {Diagram #} Qh4 $1 29. Qb2+ Ne5 30. Ne2 f4 31. Rh1 Rxg3+ $1 32.
Nxg3 Qxg3+ 33. Kf1 Qxf3+ 34. Qf2 Qxh1+ 0-1

[Event "WA Class Championship - Expert Section"]
[Site "Seattle"]
[Date "2007.11.23"]
[Round "1"]
[White "May, Andy"]
[Black "Cloy, Elston"]
[Result "1/2-1/2"]
[WhiteElo "2104"]
[BlackElo "1919"]
[PlyCount "101"]
[EventDate "2007.11.??"]
[Source "Drayton Harriso"]
[SourceDate "2007.12.23"]

1. e4 e5 2. Nf3 Nc6 3. d4 exd4 4. Bc4 Nf6 5. e5 d5 6. Bb5 Ne4 7. Nxd4 Bd7 8.
Bxc6 bxc6 9. O-O Bc5 10. f3 Ng5 11. f4 Ne4 12. Be3 O-O 13. Nc3 $2 (13. Nd2)
13... Nxc3 14. bxc3 Qe7 15. Qf3 f6 16. Qg3 Rae8 17. e6 Bxd4 18. Bxd4 Bxe6 19.
f5 Bc8 20. Qf2 Qd8 21. Bxa7 Re5 22. g4 Re4 23. h3 Rfe8 24. Rae1 Qe7 25. Rxe4
Qxe4 26. Rd1 Ba6 27. Bd4 Qe2 28. Qxe2 Rxe2 29. Rb1 Re8 30. Rb3 h5 31. gxh5 Kh7
32. Ra3 Bc8 33. Ra7 Bxf5 34. Rxc7 Rc8 35. Re7 Kh6 36. a4 Bxc2 37. a5 c5 38.
Be3+ Kxh5 39. Rxg7 Ra8 40. Rd7 Be4 41. Rd6 Rxa5 42. Rxf6 Kh4 43. Kh2 Ra2+ 44.
Rf2 Rxf2+ 45. Bxf2+ Kg5 46. Bxc5 Kh4 47. Be7+ Kh5 48. Kg3 Bh1 49. Kf4 Bg2 50.
h4 Bh1 51. Ke5 1/2-1/2

[Event "WA Class Championship - Expert Section"]
[Site "Seattle"]
[Date "2007.11.23"]
[Round "1"]
[White "Gay, Daniel"]
[Black "Wilson, Matthew"]
[Result "0-1"]
[WhiteElo "1996"]
[BlackElo "1894"]
[PlyCount "124"]
[EventDate "2007.11.??"]
[Source "Drayton Harriso"]
[SourceDate "2007.12.23"]

1. e4 c5 2. Nf3 a6 3. d4 cxd4 4. Nxd4 Nf6 5. Nc3 e5 6. Nb3 Bb4 7. Bc4 Qc7 8.
Qd3 b5 9. Bd5 Nxd5 10. Qxd5 Bb7 11. Qd3 Qc6 12. f3 d5 13. exd5 Qxd5 14. Qxd5
Bxd5 15. Bd2 Be6 16. Kf2 Nc6 17. a3 Be7 18. Rhe1 O-O 19. Rad1 Rfd8 20. Be3 Bxb3
21. cxb3 Rxd1 22. Rxd1 Rd8 23. Nd5 Kf8 24. Nxe7 Kxe7 25. Bc5+ Ke6 26. Rxd8 Nxd8
27. Ke3 Kd5 28. Bb4 Ne6 29. Be7 f5 30. Bb4 Nf4 31. Kf2 Nd3+ 32. Ke3 Nf4 33. Kf2
Nd3+ 34. Ke3 Nxb2 35. Kd2 e4 36. fxe4+ Kxe4 37. Be7 Nd3 38. g3 Kd4 39. Bf8 g6
40. Bg7+ Ke4 41. Kc3 g5 42. Bh6 f4 43. Bxg5 f3 44. Kd2 Nc1 45. Ke1 Nxb3 46. g4
Nd4 47. Kf2 a5 48. Bd2 Nc6 49. h4 b4 50. axb4 axb4 51. g5 Ne5 52. h5 Nd3+ 53.
Kf1 b3 54. Bc3 Nf4 55. g6 Nxg6 56. hxg6 hxg6 57. Ke1 Kd3 58. Bb2 g5 59. Kf2 g4
60. Be5 Kc2 61. Kg3 b2 62. Kxg4 f2 0-1

[Event "WA Class Championship - Expert Section"]
[Site "Seattle"]
[Date "2007.11.23"]
[Round "2"]
[White "Bartron, Paul"]
[Black "Wu, Darren"]
[Result "1-0"]
[WhiteElo "2065"]
[BlackElo "1904"]
[PlyCount "75"]
[EventDate "2007.11.??"]
[Source "Drayton Harriso"]
[SourceDate "2007.12.23"]

1. e4 d6 2. d4 Nf6 3. Nc3 g6 4. Bc4 Bg7 5. f4 O-O 6. e5 Ne8 7. Nf3 c6 8. Be3
Qc7 9. a4 b6 10. Qe2 d5 11. Bd3 e6 12. g4 c5 13. Nb5 Qc6 14. c3 a6 15. Na3 c4
16. Bc2 b5 17. h4 Nc7 18. h5 Qe8 19. hxg6 fxg6 20. Qh2 h6 21. g5 h5 22. Nh4 Rf5
23. Nxf5 exf5 24. Kf2 Ne6 25. Nb1 Bd7 26. axb5 Bxb5 27. Nd2 Qc6 28. Nf3 Nd7 29.
Nh4 Nef8 30. Nxf5 gxf5 31. Bxf5 Re8 32. Qxh5 Re7 33. Bh7+ Kh8 34. Bc2+ Kg8 35.
f5 Rf7 36. Ke2 Nxe5 37. dxe5 Bxe5 38. f6 1-0

[Event "WA Class Championship - Expert Section"]
[Site "Seattle"]
[Date "2007.11.23"]
[Round "2"]
[White "Cloy, Elston"]
[Black "Milner, Arie"]
[Result "1-0"]
[WhiteElo "1919"]
[BlackElo "1928"]
[Annotator "Cloy"]
[PlyCount "81"]
[EventDate "2007.11.??"]
[Source "Drayton Harriso"]
[SourceDate "2007.12.23"]

1. d4 d5 2. c4 c6 3. Nf3 Nf6 4. Nc3 e6 5. e3 Nbd7 6. Qc2 Be7 7. g4 {Diagram #}
b6 8. g5 Nh5 9. e4 Bb7 10. cxd5 exd5 11. Be3 g6 12. e5 Ng7 13. h4 Qc7 14. Nxd5
Qd8 15. Nc3 O-O 16. O-O-O Rc8 17. h5 Ne6 18. hxg6 hxg6 (18... fxg6 19. Bc4 Rxf3
20. Bxe6+ $18) 19. Bc4 Qe8 20. Rh6 Kg7 21. Rdh1 Rg8 22. Ne4 c5 23. Nf6 Bxf6 (
23... Bxf3 24. Nxe8+) 24. gxf6+ Nxf6 (24... Kf8 25. Rh8 Bxf3 26. Bh6+ Ng7 27.
Bxg7#) 25. exf6+ Kxf6 26. d5 b5 27. dxe6 bxc4 28. Bg5+ Kxe6 29. Re1+ Kd7 30.
Qd2+ {White had 15 seconds to make the time control without delay, which
explains the following moves.} Kc7 31. Rxe8 Rgxe8 32. Qf4+ Kb6 33. Ne5 Re6 34.
Nxc4+ Ka6 35. Qd2 Bf3 36. Be3 Rcc6 37. Qa5+ Kb7 38. Qb5+ Kc7 39. Rh7 Re7 40.
Qa5+ Rb6 41. Qxc5+ {
And since white had reached the time control, black resigned.} 1-0

[Event "WA Class Championship - Expert Section"]
[Site "Seattle"]
[Date "2007.11.23"]
[Round "2"]
[White "Oshiro, Michael"]
[Black "Brewster, Robert"]
[Result "1/2-1/2"]
[WhiteElo "2126"]
[BlackElo "1994"]
[PlyCount "45"]
[EventDate "2007.11.??"]
[Source "Drayton Harriso"]
[SourceDate "2007.12.23"]

1. c4 Nf6 2. d4 g6 3. Nc3 d5 4. cxd5 Nxd5 5. e4 Nxc3 6. bxc3 Bg7 7. Bc4 c5 8.
Ne2 Nc6 9. Be3 cxd4 10. cxd4 O-O 11. O-O Bg4 12. f3 Na5 13. Bd5 Bd7 14. Qd2 b5
15. Rac1 a6 16. Rc5 Nb7 17. Rc2 Rc8 18. Rfc1 Rxc2 19. Rxc2 Qb8 20. Nc3 e6 21.
Bxb7 Qxb7 22. e5 Rc8 23. Ne4 {
Remaining moves unclear. The game was eventually drawn.} 1/2-1/2

[Event "WA Class Championship - Expert Section"]
[Site "Seattle"]
[Date "2007.11.23"]
[Round "2"]
[White "Guo, Alex"]
[Black "Gay, Daniel"]
[Result "1-0"]
[WhiteElo "1955"]
[BlackElo "1996"]
[PlyCount "75"]
[EventDate "2007.11.??"]
[Source "Drayton Harriso"]
[SourceDate "2007.12.23"]

1. c4 Nf6 2. Nc3 g6 3. e4 d6 4. d3 Bg7 5. g3 O-O 6. Bg2 c5 7. Nge2 Ne8 8. Be3
h6 9. Qd2 Kh7 10. h3 Nc6 11. g4 e5 12. Ng3 Qa5 13. O-O g5 14. Nf5 f6 15. Rfb1
Qd8 16. a3 a5 17. Qe1 Be6 18. Nd5 Rf7 19. Bf3 b6 20. Bd1 Rfa7 21. Ba4 Bd7 22.
Qd1 Nb8 23. Bxd7 Nxd7 24. Nfe7 Ra6 25. b4 axb4 26. axb4 Bf8 27. Nc6 Qc8 28. b5
Ra3 29. Qc1 Rxa1 30. Rxa1 Nc7 31. Nxc7 Rxa1 32. Qxa1 Qxc7 33. Qa8 Bg7 34. Ne7
Nb8 35. Nd5 Qd8 36. Qa7 Nd7 37. Bd2 Kg8 38. Nxb6 {
Remaining moves unclear. White won on about move 55.} 1-0

[Event "WA Class Championship - Expert Section"]
[Site "Seattle"]
[Date "2007.11.24"]
[Round "4"]
[White "Oshiro, Michael"]
[Black "Cloy, Elston"]
[Result "1/2-1/2"]
[WhiteElo "2126"]
[BlackElo "1919"]
[Annotator "Harrison"]
[PlyCount "55"]
[EventDate "2007.11.??"]
[Source "Drayton Harriso"]
[SourceDate "2007.12.23"]

1. g3 d5 2. Nf3 Nf6 3. Bg2 c6 4. b3 Bf5 5. Bb2 Nbd7 6. O-O Qc7 7. c4 e5 8. cxd5
cxd5 9. Nc3 d4 10. Nb5 Qb6 11. Na3 Be6 12. Rc1 Bxa3 13. Bxa3 Qa6 14. Bb2 Qxa2
15. Rb1 O-O 16. d3 Nd5 17. Qd2 h6 18. e3 dxe3 19. fxe3 f6 20. e4 Nc7 21. d4
exd4 22. Nxd4 Qa6 23. Rf2 Nc5 24. Bf1 b5 25. Rc1 Rac8 26. Qb4 Qb6 $4 27. Rxc5
Bd7 28. Rfc2 $4 (28. Rcc2 $18) (28. Rfc2 $4 Na6 $1 29. Bc4+ $1 {(forced)} bxc4
30. Qxb6 axb6 31. R5xc4 ({or} 31. Rxc8 Rxc8 32. bxc4 Nc5 33. Nf5 Re8 34. Rd2
Rxe4 $17) 31... Rxc4 32. Rxc4 Re8 33. Nf3 Nc5 $17 {
and black captures the e4-pawn.}) 1/2-1/2

[Event "WA Class Championship - Expert Section"]
[Site "Seattle"]
[Date "2007.11.24"]
[Round "4"]
[White "Do, Nhon"]
[Black "May, Andy"]
[Result "1/2-1/2"]
[WhiteElo "2055"]
[BlackElo "2104"]
[PlyCount "32"]
[EventDate "2007.11.??"]
[Source "Drayton Harriso"]
[SourceDate "2007.12.23"]

1. Nf3 Nf6 2. c4 g6 3. Nc3 Bg7 4. g3 O-O 5. Bg2 d6 6. O-O e5 7. d4 Nc6 8. d5
Ne7 9. e4 Ne8 10. Qc2 h6 11. Be3 f5 12. Rae1 g5 13. exf5 Nxf5 14. Nd2 Nf6 15.
Nde4 Qe8 16. Nxf6+ Bxf6 {and just as things are getting interesting, the
handwriting was indecipherable. Drawn on move 55.} 1/2-1/2

[Event "WA Class Championship - Expert Section"]
[Site "Seattle"]
[Date "2007.11.24"]
[Round "4"]
[White "Bartron, Paul"]
[Black "Tezcan, Yaman"]
[Result "1-0"]
[WhiteElo "2065"]
[BlackElo "1847"]
[PlyCount "71"]
[EventDate "2007.11.??"]
[Source "Drayton Harriso"]
[SourceDate "2007.12.23"]

1. e4 c5 2. Nf3 d6 3. d4 cxd4 4. Nxd4 e6 5. c4 a6 6. Nc3 Nc6 7. Be3 Nf6 8. Be2
Be7 9. O-O O-O 10. Qd2 Bd7 11. f4 Qc7 12. Rac1 Nxd4 13. Bxd4 Bc6 14. Bf3 Qb8
15. Rfd1 Nd7 16. Qf2 Rd8 17. Rd2 Bf6 18. Rcd1 Qc7 19. b4 Bxd4 20. Rxd4 Nb6 21.
Qd2 Na4 22. Ne2 Re8 23. Rxd6 f5 24. Qd4 fxe4 25. Bxe4 Bxe4 26. Rd7 e5 27. Qxe4
Qb6+ 28. c5 Qf6 29. R1d6 Qh4 30. g3 Qg4 31. Qd5+ Kh8 32. Qf7 exf4 33. Nxf4 Rf8
34. Qh5 Qxh5 35. Nxh5 g6 36. Nf6 1-0

[Event "WA Class Championship - Expert Section"]
[Site "Seattle"]
[Date "2007.11.25"]
[Round "5"]
[White "Wilson, Matthew"]
[Black "Milner, Arie"]
[Result "1-0"]
[WhiteElo "1894"]
[BlackElo "1928"]
[PlyCount "67"]
[EventDate "2007.11.??"]
[Source "Drayton Harriso"]
[SourceDate "2007.12.23"]

1. e4 e5 2. Nf3 Nc6 3. Bb5 a6 4. Ba4 Nf6 5. O-O Bc5 6. c3 b5 7. Bc2 d6 8. h3
O-O 9. d4 Bb6 10. a4 Bb7 11. d5 Ne7 12. Re1 h6 13. Nbd2 Qd7 14. Nf1 Rfd8 15.
Ng3 c6 16. dxc6 Bxc6 17. Be3 Bc7 18. Qe2 Qe6 19. Rad1 bxa4 20. c4 Rab8 21. Bc1
Ba5 22. Rf1 Nd7 23. Nh4 Nc5 24. Nhf5 Nb3 25. Nxe7+ Qxe7 26. Nf5 Qf6 27. Be3 Bb6
28. Bxb6 Rxb6 29. f4 Nc5 30. fxe5 Qxe5 31. Qg4 Kh8 {Diagram #} 32. Rxd6 Rxd6
33. Nxd6 Qxd6 34. Qc8+ 1-0

[Event "WA Class Championship - Expert Section"]
[Site "Seattle"]
[Date "2007.11.25"]
[Round "5"]
[White "May, Andy"]
[Black "Oshiro, Michael"]
[Result "1/2-1/2"]
[WhiteElo "2104"]
[BlackElo "2126"]
[PlyCount "94"]
[EventDate "2007.11.??"]
[Source "Drayton Harriso"]
[SourceDate "2007.12.23"]

1. e4 c5 2. Nc3 Nc6 3. f4 g6 4. Nf3 Bg7 5. g3 d6 6. Bg2 b6 7. O-O Bb7 8. d3 Qd7
9. a4 f5 10. Re1 Nh6 11. Ng5 Ng4 12. h3 Bd4+ 13. Kf1 Nh2+ 14. Ke2 h6 15. Nf3
Nxf3 16. Kxf3 O-O 17. Be3 Bg7 18. Kf2 Nd4 19. Kg1 Rac8 20. Nb1 e5 21. Rf1 Bc6
22. a5 b5 23. Nc3 b4 24. Bxd4 cxd4 25. Nd5 Bxd5 26. exd5 a6 27. b3 Rc5 28. Ra4
Rb8 29. Qd2 Rc3 30. Rf2 Qe7 31. Re2 h5 32. Qe1 Qc7 33. Ra2 Rb5 34. g4 hxg4 35.
hxg4 e4 36. Bxe4 fxe4 37. Rxe4 Rxd5 38. Re7 Re5 39. Rxg7+ Qxg7 40. fxe5 Qxe5
41. Qxe5 dxe5 42. Ra4 Rxc2 43. Rxb4 Rd2 44. Rb6 Rxd3 45. Rxg6+ Kf7 46. Rxa6 e4
47. g5 Rxb3 1/2-1/2

[Event "WA Class Championship - Expert Section"]
[Site "Seattle"]
[Date "2007.11.25"]
[Round "6"]
[White "Cloy, Elston"]
[Black "Wilson, Matthew"]
[Result "1/2-1/2"]
[WhiteElo "1919"]
[BlackElo "1894"]
[PlyCount "70"]
[EventDate "2007.11.??"]
[Source "Drayton Harriso"]
[SourceDate "2007.12.23"]

1. Nf3 c5 2. g3 e6 3. Bg2 Nc6 4. O-O Nf6 5. d3 g6 6. e4 d6 7. Nbd2 Bg7 8. Re1
e5 9. Nf1 O-O 10. c3 h6 11. h4 Be6 12. Ne3 Rc8 13. Nh2 d5 14. exd5 Nxd5 15. h5
g5 16. Nhg4 Qd7 17. Bxd5 Bxd5 18. Nxd5 Qxd5 19. Ne3 Qd7 20. Qf3 Rcd8 21. Nf5
Qxd3 22. Qg4 f6 23. Be3 e4 24. Bxc5 Rfe8 25. Rad1 Qf3 26. Qxf3 exf3 27. Rxd8
Rxd8 28. Nd4 Ne5 29. Bxa7 Ra8 30. Nb5 Nc6 31. Bd4 Rxa2 32. c4 Nxd4 33. Nxd4
Rxb2 34. Nxf3 Rc2 35. Rb1 Rxc4 1/2-1/2

[Event "WA Class Championship - Expert Section"]
[Site "Seattle"]
[Date "2007.11.25"]
[Round "6"]
[White "Oshiro, Michael"]
[Black "Bartron, Paul"]
[Result "0-1"]
[WhiteElo "2126"]
[BlackElo "2065"]
[PlyCount "122"]
[EventDate "2007.11.??"]
[Source "Drayton Harriso"]
[SourceDate "2007.12.23"]

1. c4 e6 2. Nf3 d5 3. b3 Nf6 4. Bb2 Be7 5. e3 O-O 6. Be2 c5 7. O-O Nc6 8. d3 b6
9. Nbd2 Qc7 10. a3 Rd8 11. Ra2 Bb7 12. Qa1 Ne8 13. cxd5 exd5 14. Rc1 a5 15. Bd1
Ba6 16. Bc2 b5 17. Qb1 h6 18. Nf1 Bf6 19. d4 c4 20. Ng3 b4 21. bxc4 dxc4 22.
Bh7+ Kh8 23. axb4 axb4 24. Be4 Bb5 25. Rxa8 Rxa8 26. d5 c3 27. Bxc3 Bxc3 28.
dxc6 Ra1 29. Qxa1 Bxa1 30. Rxa1 g6 31. Nd4 Nd6 32. Bf3 Bc4 33. Nf1 b3 34. Nd2
b2 35. Rb1 Qb6 36. Be4 Ba2 37. Bd3 Bxb1 38. Nxb1 Nf5 39. Nxf5 gxf5 40. Bxf5 Qc5
41. g4 Qc1+ 42. Kg2 Qxc6+ 43. Kg3 Kg7 44. h4 Kf6 45. h5 Qc5 46. Kf4 Qc7+ 47.
Ke4 Qc4+ 48. Kf3 Ke7 49. Kg3 f6 50. Kf3 Kd6 51. Be4 Qf1 52. Bg6 Kc5 53. Kg3 Kb4
54. f3 Qe1+ 55. Kf4 Qc1 56. Be4 Qc5 57. Kg3 Qxe3 58. Bg6 Kb3 59. Bf7+ Kc2 60.
Bg6+ Kc1 61. Bf5 Qe5+ 0-1

[Event "WA Class Championship - A Section"]
[Site "Seattle"]
[Date "2007.11.23"]
[Round "1"]
[White "Countryman, Zachary"]
[Black "Hosford, Michael"]
[Result "0-1"]
[WhiteElo "1704"]
[BlackElo "1892"]
[Annotator "Harrison"]
[PlyCount "90"]
[EventDate "2007.11.??"]
[Source "Drayton Harriso"]
[SourceDate "2007.12.23"]

1. e4 Nc6 2. Nf3 d6 3. d4 Nf6 4. Nc3 Bg4 5. Be3 e6 6. Be2 d5 7. e5 Nd7 8. O-O
Be7 9. Ne1 Bxe2 10. Nxe2 h5 11. f4 g6 12. c3 b5 13. Nc2 Nb6 14. b3 a5 15. Bd2
Qd7 16. Ne3 a4 17. b4 Nc4 18. Nxc4 dxc4 19. Ng3 Nxd4 20. Be3 Nf5 21. Nxf5 gxf5
22. Qf3 Qd5 23. Qxd5 exd5 24. Rad1 c6 25. Bd4 Rg8 26. Rf3 Kd7 27. Rd2 Ke6 28.
a3 Rg4 29. h3 Rg6 30. Re2 Rag8 31. Kf1 Bh4 32. Bf2 Rxg2 $2 (32... Bxf2 $19) 33.
Bxh4 Rg1+ 34. Kf2 R8g2+ 35. Ke3 Rxe2+ 36. Kxe2 Ra1 37. Kd2 $2 (37. Ke3 Rxa3 38.
Kd4 Ra1 39. Kc5 Kd7 40. Rg3 $18) 37... Rxa3 38. Bf2 Ra2+ 39. Kc1 Ra1+ 40. Kb2
Rf1 41. Ka3 d4 42. cxd4 Kd5 43. Rg3 Rxf2 44. Rg5 Rxf4 45. Rxh5 Kxd4 0-1

[Event "WA Class Championship - A Section"]
[Site "Seattle"]
[Date "2007.11.23"]
[Round "2"]
[White "Hosford, Michael"]
[Black "Lessler, Peter"]
[Result "1-0"]
[WhiteElo "1892"]
[BlackElo "1753"]
[Annotator "Harrison"]
[PlyCount "69"]
[EventDate "2007.11.??"]
[Source "Drayton Harriso"]
[SourceDate "2007.12.23"]

1. e4 c5 2. Nf3 e6 3. Qe2 Nc6 4. g3 g6 5. Bg2 Bg7 6. O-O Nge7 7. d3 d5 8. Nbd2
O-O 9. Re1 b5 10. h4 a5 11. Nf1 b4 12. e5 Ba6 13. Bg5 h6 14. Bf4 c4 15. dxc4
dxc4 16. Rad1 Nd5 17. Qe4 Qc7 18. h5 Nxf4 19. gxf4 Ne7 20. Ne3 Rad8 21. Nd4 Rb8
22. hxg6 Bb7 23. gxf7+ Kxf7 {Diagram #} 24. Nxe6 Kxe6 25. Qh7 Bxg2 26. Rd6+ Kf7
27. Rf6+ Ke8 28. Qxg7 Rg8 29. Qf7+ Kd8 30. Rd1+ Bd5+ 31. Kf1 Qd7 32. Rxd5 Nxd5
33. Qxg8+ Kc7 34. Nxd5+ Kb7 35. Rb6+ 1-0

[Event "WA Class Championship - A Section"]
[Site "Seattle"]
[Date "2007.11.23"]
[Round "2"]
[White "Smith, Allen S"]
[Black "Dixon, Dakota"]
[Result "1-0"]
[WhiteElo "1946"]
[BlackElo "1801"]
[PlyCount "55"]
[EventDate "2007.11.??"]
[Source "Drayton Harriso"]
[SourceDate "2007.12.23"]

1. e4 c5 2. d4 cxd4 3. c3 d3 4. Bxd3 Nc6 5. c4 e5 6. Nf3 Nf6 7. O-O d6 8. Nc3
Bg4 9. Be3 Qd7 10. Be2 Be7 11. a3 O-O 12. h3 Bh5 13. b4 Ne8 14. b5 Nd8 15. Nxe5
Qe6 16. Bxh5 dxe5 17. Nd5 g6 18. Be2 f6 19. c5 Rc8 20. Bc4 Nf7 21. Nb6 Rd8 22.
Qb3 axb6 23. Bxe6 bxc5 24. Bh6 Ng7 25. Bxf7+ Rxf7 26. Bxg7 Kxg7 27. Rad1 Rff8
28. Qe6 1-0

[Event "WA Class Championship - A Section"]
[Site "Seattle"]
[Date "2007.11.24"]
[Round "3"]
[White "Brewster, Robert"]
[Black "Smith, Allen S"]
[Result "1/2-1/2"]
[WhiteElo "1994"]
[BlackElo "1946"]
[PlyCount "80"]
[EventDate "2007.11.??"]
[Source "Drayton Harriso"]
[SourceDate "2007.12.23"]

1. Nf3 c5 2. c4 Nf6 3. Nc3 e6 4. g3 Nc6 5. Bg2 d5 6. cxd5 exd5 7. d4 cxd4 8.
Nxd4 Bc5 9. Nb3 Be7 10. O-O O-O 11. Nxd5 Nxd5 12. Qxd5 Qxd5 13. Bxd5 Nb4 14.
Bf3 Nc2 15. Rb1 Bf5 16. e4 Be6 17. Bd2 Bc4 18. Rfd1 Bxb3 19. axb3 Nd4 20. Kg2
Nxb3 21. Bc3 Rad8 22. Rxd8 Rxd8 23. Rd1 b6 24. Rxd8+ Bxd8 25. e5 Be7 26. Bd1
Nc5 27. Bc2 Ne6 28. Kf3 Bc5 29. Kg2 g6 30. f4 a5 31. Bd1 Nd4 32. g4 Kf8 33.
Bxd4 Bxd4 34. b3 Ke7 35. Kf3 h6 36. Ke4 Bg1 37. h3 f6 38. h4 Bf2 39. h5 gxh5
40. gxh5 fxe5 1/2-1/2

[Event "WA Class Championship - A Section"]
[Site "Seattle"]
[Date "2007.11.24"]
[Round "4"]
[White "Smith, Allen S"]
[Black "Wang, Michael"]
[Result "1-0"]
[WhiteElo "1946"]
[BlackElo "1815"]
[Annotator "Harrison"]
[PlyCount "57"]
[EventDate "2007.11.??"]
[Source "Drayton Harriso"]
[SourceDate "2007.12.23"]

1. e4 c5 2. d4 cxd4 3. c3 dxc3 4. Nxc3 Nc6 5. Bc4 d6 6. Nf3 Nf6 7. O-O e6 8.
Qe2 a6 9. Rd1 Qc7 10. Bf4 e5 11. Bg5 Be7 12. Rac1 O-O 13. Nd5 Qd8 (13... Nxd5
$5 $11) 14. Be3 Be6 15. Bb6 Qd7 16. Bb3 Rac8 17. Ba4 Bxd5 18. exd5 Nd4 19. Nxd4
Qxa4 20. Nf5 Nxd5 21. b3 Qd7 $2 {Diagram #} (21... Qf4 $1 $17) 22. Qg4 $3 $18
Bg5 (22... Bf6 23. Nh6+ $18) 23. Rxc8 $1 (23. Nh6+ $143 $6 Bxh6 24. Qxd7 Nxb6 (
24... Rxc1 25. Rxc1 Bxc1 26. Qxb7 $18) 25. Qxd6 Bxc1 26. Qxb6 Ba3 27. Qxb7 a5
$16) 23... Qxc8 24. Qxg5 g6 25. Nh6+ Kg7 26. Rxd5 Qc6 27. Nf5+ Kg8 28. Ne7+ Kg7
29. Nxc6 1-0

[Event "WA Class Championship - A Section"]
[Site "Seattle"]
[Date "2007.11.24"]
[Round "4"]
[White "Gale, Geoff"]
[Black "Hosford, Michael"]
[Result "1-0"]
[WhiteElo "1995"]
[BlackElo "1892"]
[Annotator "Harrison"]
[PlyCount "49"]
[EventDate "2007.11.??"]
[Source "Drayton Harriso"]
[SourceDate "2007.12.23"]

1. e4 c6 2. d4 d5 3. Nc3 dxe4 4. Nxe4 Bf5 5. Ng3 Bg6 6. Bc4 Nf6 7. N1e2 h6 8.
O-O Nbd7 9. f4 e6 10. f5 exf5 11. c3 Nb6 12. Bb3 Qd7 13. a4 Bd6 14. c4 c5 15.
a5 Bxg3 16. Nxg3 O-O (16... Nc8 17. Ba4) 17. axb6 axb6 18. Rxa8 Rxa8 19. d5 Ne4
20. Bf4 b5 21. Qd3 bxc4 22. Bxc4 Ra5 23. d6 b5 24. Bd5 c4 25. Qd4 1-0